000 00290nam a2200109Ia 4500
008 220204s9999 xx 000 0 und d
082 _a678.067.5
_bPRI.1
245 0 _aDevelopments in reinforced plastics. 1
260 _aLondon
_bApplied Science
_c1980
700 _aPritchard, G
942 _cBK
999 _c36238
_d36238